000 00327nam a22001457a 4500
008 210526b ||||| |||| 00| 0 eng d
020 _a2901133957170
041 _aeng
080 _a316
082 _a316
100 _a50
101 _aSOC
245 _aSociology in Out Times The Essentials
_cKendall,D
942 _2udc
_cBK
999 _c57635
_d57635